| 000 | 00535nam a2200169 a 4500 | ||
|---|---|---|---|
| 001 | 136 | ||
| 003 | CDMR | ||
| 005 | 20130403131527.0 | ||
| 008 | 130130s1993||||||||||||||||||||||||||||d | ||
| 040 |
_aCDMR _bcat _cCDMR |
||
| 110 | 2 |
_aAssociation des Journalistes Algeriens _9113 |
|
| 245 | 1 | 0 |
_aAlgerie _b: cette presse qu'on assassine _cAssociation des Journalistes Algériens |
| 260 |
_c1993 _bAssociation des Journalistes Algériens _a[s.l.] |
||
| 300 |
_a23 p ; _c25 cm |
||
| 650 | 0 | 4 |
_aPeriodistes perseguits _zAlgèria _91255 |
| 942 |
_cMON _2udc |
||
| 999 |
_c136 _d136 |
||